000 00370nam a2200145 i 4500
001 bg
100 1 _aSOCHOCKI, Ryszard
245 0 _aMaszyny elektryczne małej mocy /
_cRyszard Sochocki, Zdzisław Życki.
260 _aWarszawa,
_c1978.
700 1 _aŻYCKI, Zdzisław
040 _cBPK
041 _apol
942 _cKS
008 s pl f |000 0 pol
999 _c17962
_d17962
856 _uhttp://koha.tu.koszalin.pl/cgi-bin/koha/opac-detail.pl?biblionumber=17962
_yKatalog online BPK